00898nam a22002537a 45000010005000000030006000050050017000110080041000280200018000690400029000870500018001160820013001341000023001472450066001702500045002362600037002813000055003185050008003735200153003815210021005345210020005556500034005756500035006099910FISKH20260313151606.0260313b cb ||||| |||| 00| 0 eng d a9780545416474 aFISKHbengcFISKHdFISKH aE207 .L2 .F86 a355.0092 aFreedman , Russell aLafayette and the American revolution / cBy Russell Freedman aFirst Scholastic printing , October 2011 aNew York : bScholastic ,c2010. a88 pages : bcolor illustrations ; c21 X 24 cm .  aZ  aAn account of Marquis de Lafayette, a young French nobleman, who helped bring victory at Yorktown and became a lifelong friend of George Washington.8 a1160 bLexile 8 aZ bRaz-Plus  aAmerican historyvNon-fiction aRevolutionary WarvNon-fiction